Renal nursing : (Record no. 44117)

MARC details
001 - CONTROL NUMBER
control field 23713084
003 - CONTROL NUMBER IDENTIFIER
control field 0000
005 - DATE AND TIME OF LATEST TRANSACTION
control field 20260312114423.0
008 - FIXED-LENGTH DATA ELEMENTS--GENERAL INFORMATION
fixed length control field 240529s2024 nju b 001 0 eng
010 ## - LIBRARY OF CONGRESS CONTROL NUMBER
LC control number 2024024219
020 ## - INTERNATIONAL STANDARD BOOK NUMBER
International Standard Book Number 9781394178766
035 ## - SYSTEM CONTROL NUMBER
System control number 23713084
040 ## - CATALOGING SOURCE
Original cataloging agency DNLM/DLC
Language of cataloging eng
Description conventions rda
Transcribing agency DLC
Modifying agency DLC
042 ## - AUTHENTICATION CODE
Authentication code pcc
050 00 - LIBRARY OF CONGRESS CALL NUMBER
Classification number RC 918 .R46
082 00 - DEWEY DECIMAL CLASSIFICATION NUMBER
Classification number 616.6/140231
Edition number 23/eng/20240703
100 ## - MAIN ENTRY--PERSONAL NAME
Personal name Edited by Thomas Nicola
245 00 - TITLE STATEMENT
Title Renal nursing :
Remainder of title care and management of people with kidney disease /
Statement of responsibility, etc edited by Nicola Thomas, Helen Noble.
246 1# - VARYING FORM OF TITLE
Title proper/short title Care and management of people with kidney disease
250 ## - EDITION STATEMENT
Edition statement 6th. ed.
264 #1 - PUBLICATION, DISTRIBUTION, ETC. (IMPRINT)
Place of publication, distribution, etc Hoboken, NJ :
Name of publisher, distributor, etc Wiley-Blackwell,
Date of publication, distribution, etc 2024.
300 ## - PHYSICAL DESCRIPTION
Extent x, 352p. ill.
336 ## - CONTENT TYPE
Content type term text
Content type code txt
Source rdacontent
337 ## - MEDIA TYPE
Media type term unmediated
Media type code n
Source rdamedia
338 ## - CARRIER TYPE
Carrier type term volume
Carrier type code nc
Source rdacarrier
504 ## - BIBLIOGRAPHY, ETC. NOTE
Bibliography, etc Includes bibliographical references and index.
505 0# - FORMATTED CONTENTS NOTE
Formatted contents note The history of kidney dialysis and transplantation / Nicola Thomas -- Applied anatomy and physiology, the kidney disease process, and kidney investigations / Claire Carswell and Stephen O'Neil -- Patient and carer involvement in kidney care, education, and research / Brian Gracey, Linda Gracey, Fiona Loud, and Nicola Thomas -- Emotional well-being / Fiona Murphy -- Acute kidney injury / Marissa Dainton -- Chronic kidney disease and advanced kidney care / Nicola Thomas and Catherine Maina -- Haemodialysis / Catherin Fielding -- Peritoneal dialysis / Sally Punzalan -- Kidney transplantation / Victoria Dunsmore -- Non-dialytic options and a palliative conservative management approach / Helen Noble, Claire Carswell, and Ian Walsh -- Kidney care in infancy, childhood, and early adulthood / Diane Blyton and Shelley Jepson -- Nutrition in kidney disease / Barbara Engel and Pearl Pugh -- Quality improvement and nursing research in kidney care / Nicola Thomas.
650 12 - SUBJECT ADDED ENTRY--TOPICAL TERM
Topical term or geographic name as entry element Kidney Diseases
General subdivision nursing
650 22 - SUBJECT ADDED ENTRY--TOPICAL TERM
Topical term or geographic name as entry element Renal Dialysis
General subdivision nursing
650 22 - SUBJECT ADDED ENTRY--TOPICAL TERM
Topical term or geographic name as entry element Kidney Diseases
General subdivision therapy
650 22 - SUBJECT ADDED ENTRY--TOPICAL TERM
Topical term or geographic name as entry element Nephrology Nursing
700 1# - ADDED ENTRY--PERSONAL NAME
Personal name Thomas, Nicola,
Relator term editor.
700 1# - ADDED ENTRY--PERSONAL NAME
Personal name Noble, Helen,
Dates associated with a name 1964-
Relator term editor.
776 08 - ADDITIONAL PHYSICAL FORM ENTRY
Relationship information Online version:
Title Renal nursing
Edition Sixth edition.
Place, publisher, and date of publication Hoboken, NJ : Wiley-Blackwell, 2024
International Standard Book Number 9781394178773
Record control number (DLC) 2024024220
906 ## - LOCAL DATA ELEMENT F, LDF (RLIN)
a 7
b cbc
c orignew
d 1
e ecip
f 20
g y-gencatlg
942 ## - ADDED ENTRY ELEMENTS (KOHA)
Source of classification or shelving scheme Library of Congress Classification
Koha item type Books
Holdings
Withdrawn status Lost status Source of classification or shelving scheme Damaged status Not for loan Permanent Location Current Location Date acquired Total Checkouts Full call number Barcode Date last seen Price effective from Koha item type
    Library of Congress Classification     NILE UNIVERSITY OF NIGERIA - MAIN LIBRARY NILE UNIVERSITY OF NIGERIA - MAIN LIBRARY 03/12/2026   RC 918 .R46 2024 0199518 03/12/2026 03/12/2026 Books